000 00679nam a2200217 c 4500
001 a5698942
003 CO-ViMGA
005 20230915234538.0
008 151014s2015 sp | |||| 000 0 spa
040 _aCO-ViMGA
_bspa
_cCO-ViMGA
082 0 4 _a153.3
_bB11a
100 1 _aBachrach, Estanislao
_d1971-
_4aut
_99586
245 1 0 _aÀgilMente :
_baprende como funciona tu cerebro para potenciar tu creatividad y vivir mejor /
_cEstanislao Bachrach
246 1 4 _aÀgil mente
260 _aBarcelona :
_bConecta,
_cD.L. 2013.
300 _a219 p.
_c19 cm
490 0 _aBest seller
504 _aBibliografa̕: p. [213]-219
650 1 7 _aCreatividad
_2embne
_99587
942 _2ddc
_cBK
999 _c37976
_d37976